000 01648cam a22004337a 4500
003 CHAP
005 20220329143032.0
008 050928s1996 sp a r 00010 spa d
010 _a91004
011 _a91976
020 _a8420008427
035 _a102539
040 _cCHAP
082 0 4 _a636.9
_bW55y
100 0 0 _aWinkelmann, Johannes.
_9122278
245 1 0 _aEnfermedades de los conejos
_c/por Johannes Winkelmann y Hans-Jürgen Lammers
260 _aZaragoza, Esp. :
_bAcribia,
_c1996
300 _a154 p. :
_bilus.
590 _aBATCH-UPD
_b10
_c20130110
_lUCH01
_h0035
590 _aBATCH-UPD
_b10
_c20130110
_lUCH01
_h0656
590 _aBATCH-UPD
_b10
_c20130409
_lUCH01
_h2019
590 _aBATCH-UPD
_b10
_c20130410
_lUCH01
_h0341
590 _aBATCH-UPD
_b10
_c20130914
_lUCH01
_h1027
590 _aCONVERSION
_b10
_c20130109
_lUCH01
_h1350
650 1 4 _aConejos.
_926352
650 1 4 _aConejos
_xCrecimiento.
_926357
650 1 4 _aConejos
_xEnfermedades.
_926362
650 1 4 _aConejos
_xNutrición.
_926372
650 1 4 _aCunicultura.
_930449
700 0 _aLammers, Hans-Jürgen.
_964582
901 _aBK
905 _aLilia
942 _cLIBRO
949 _a636.9 W55Y
_bBC
_cLIBRO
_d33724000963591
_eLIBRO
_fc.2
_gI.c/e
_h107233
_i102539
_si
_t$420.00
949 _a636.9 W55Y
_bBC
_cLIBRO
_d33724000964060
_eLIBRO
_fc.3
_gI.c/e
_h107234
_i102539
_sb
_t$420.00
949 _a636.9 W55Y
_bBC
_cLIBRO
_d33724002009280
_eLIBRO
_gI.c/e
_h107232
_i102539
_si
_t$420.00
949 _a636.9 W55y
_bBC
_cLIBRO
_d33724002070405
_eLIBRO
_fc.4
_gI.c/e
_h109961
_i102539
_si
_t$334.75
949 _a636.9 W55y
_bBC
_cLIBRO
_d33724002070446
_eLIBRO
_fc.5
_gI.c/e
_h109962
_i102539
_si
_t$334.75
999 _c91004
_d91004